000 006020000a22002050004500
003 LK-CoMWRAF
005 20231207094159.0
008 230817t ||||| |||| 00| 0 eng d
020 _a955580057X
040 _aLK-CoMWRAF
_dLK-CoMWRAF
_eLK-CoMWRAF
041 _aeng
082 _a323.11
_bUYA
100 _aUyangoda, Jayadeva
245 _aQuestions of Sri Lanka's minority rights
260 _aColombo :
_b International Centre for Ethnic Studies,
_c2001
300 _a142p. ; 22cm
490 _aMinority protection in South Asia
_v2
650 _aHuman rights Minorities - Sri Lanka
942 _cBK
999 _c236
_d236